000 00878nam a2200241 a 4500
001 45381
003 BD-RjUL
005 20211209054014.0
008 160725s1975 b |||| | || 000 0 ben d
020 _c: Tk 10.00
035 _a(BD-RjUL)45499
040 _aBD-RjUL
_bben
_cBD-RjUL
041 _aben
082 _223
_a301
_bHOS
100 1 0 _aহোসেন, মোকাররাম
_9138941
245 1 0 _aসমাজ ও সমাজতত্ত্ব /
_cমোকাররাম হোসেন
250 _aবাংলা একাডেমী সং
260 _a.ঢাকা :
_bবাংলা একাডেমী,
_c১৯৭৫ [১৩৮২]
300 _a[৮] ১১২ পৃ. ;
_c২১ সেমি.
650 _aসমাজবিজ্ঞান
_9138942
_xনৃতত্ত্ব
650 _asociology
_9127111
_xAnthropology
942 _2ddc
_cBK
999 _c45381
_d45381